Top 10 Safest Countries In The World 2020 - Statistics

General Stats
  • This quiz has been taken 55 times
  • The average score is 6 of 10
Answer Stats
Number Country % Correct
5 Denmark
90%
6 Canada
85%
1 Iceland
79%
2 New Zealand
69%
4 Austria
67%
9 Japan
58%
7 Singapore
54%
8 Slovenia
38%
3 Portugal
35%
10 Czech Republic
33%
No matching quizzes found
Score Distribution
Percent of People with Each Score
Percentile by Number Answered
Your Score History
You have not taken this quiz